| 000 | 00488nam a2200157 i 4500 | ||
|---|---|---|---|
| 001 | 60504 | ||
| 003 | ES-MaACL | ||
| 005 | 20230906164239.0 | ||
| 007 | t| | ||
| 008 | 031105s1970 sp ||||1| spa d | ||
| 245 | 0 | 3 |
_aLa espinaca _b: economía, producción, comercialización / _ctraducido por Horacio Marco Moll. |
| 260 |
_aZaragoza : _bAcribia, _c[1970] |
||
| 300 |
_a68 p., 1 lám. : _bil. ; _c22 cm. |
||
| 700 | 1 |
_aMarco Moll, Horacio. _976486 |
|
| 852 |
_aES-MaACL _jC-46386 _bR.75029 |
||
| 999 |
_c60504 _d60504 |
||